| 000 | 00471nam a2200157 a 4500 | ||
|---|---|---|---|
| 005 | 20140412111236.0 | ||
| 008 | 001120s19uu xx 00 eng d | ||
| 050 |
_aTR(GS 414 _bW37 1978 |
||
| 100 | _aWarten, Herbert | ||
| 245 |
_aPhonics D : _blong vowel sounds / _cHerbert Wartenberg. |
||
| 260 |
_aNew York : _bScholastic Inc, _c1978. |
||
| 300 | _a32 p. ; col. ; ill. | ||
| 440 | _aA Scholastic Skills Book | ||
| 650 | _aReading -- Phonetic Methods | ||
| 999 |
_c102448 _d102448 |
||